<?xml version="1.0" encoding="UTF-8"?>
<record
    xmlns:xsi="http://www.w3.org/2001/XMLSchema-instance"
    xsi:schemaLocation="http://www.loc.gov/MARC21/slim http://www.loc.gov/standards/marcxml/schema/MARC21slim.xsd"
    xmlns="http://www.loc.gov/MARC21/slim">

  <leader>01934nam a2200373 a 4500</leader>
  <controlfield tag="003">DO-SdBNP</controlfield>
  <controlfield tag="005">20230906133918.0</controlfield>
  <controlfield tag="007">ta</controlfield>
  <controlfield tag="008">091113s1994    dr a   c      000 0 spa d</controlfield>
  <datafield tag="040" ind1=" " ind2=" ">
    <subfield code="a">DO-SdBNP</subfield>
    <subfield code="b">spa</subfield>
    <subfield code="c">BNPHU</subfield>
    <subfield code="e">rda</subfield>
  </datafield>
  <datafield tag="082" ind1=" " ind2=" ">
    <subfield code="a">xxxx</subfield>
    <subfield code="b">xxxx</subfield>
    <subfield code="2">22</subfield>
  </datafield>
  <datafield tag="100" ind1=" " ind2=" ">
    <subfield code="a">Gonz&#xE1;lez, Sarah</subfield>
    <subfield code="9">29274</subfield>
  </datafield>
  <datafield tag="245" ind1="1" ind2="0">
    <subfield code="a">Matem&#xE1;tica y ciencias naturales :</subfield>
    <subfield code="b">libro del alumno, 8vo. grado /</subfield>
    <subfield code="c">Sarah Gonz&#xE1;lez, Dulce Rodr&#xED;guez y Eduardo Luna, Miledys Alberto, Andr&#xE9;s Molina y otros  </subfield>
  </datafield>
  <datafield tag="264" ind1=" " ind2="1">
    <subfield code="a">Santo Domingo :</subfield>
    <subfield code="b">Secretaria de Estado de Educaci&#xF3;n Bellas Artes y Cultos,</subfield>
    <subfield code="b">PUCMM,</subfield>
    <subfield code="b">EDUCA,</subfield>
    <subfield code="b">PIPE,</subfield>
    <subfield code="c">1994.</subfield>
  </datafield>
  <datafield tag="300" ind1=" " ind2=" ">
    <subfield code="a">107 libros </subfield>
    <subfield code="b">ilustraciones </subfield>
    <subfield code="c">27 cm.</subfield>
  </datafield>
  <datafield tag="336" ind1=" " ind2=" ">
    <subfield code="2">rdacontent</subfield>
    <subfield code="a">texto</subfield>
    <subfield code="b">txt</subfield>
  </datafield>
  <datafield tag="337" ind1=" " ind2=" ">
    <subfield code="2">rdamedia</subfield>
    <subfield code="a">sin mediaci&#xF3;n</subfield>
    <subfield code="b">n</subfield>
  </datafield>
  <datafield tag="338" ind1=" " ind2=" ">
    <subfield code="2">rdacarrier</subfield>
    <subfield code="a">volumen</subfield>
    <subfield code="b">nc</subfield>
  </datafield>
  <datafield tag="500" ind1=" " ind2=" ">
    <subfield code="a">8vo. grado</subfield>
  </datafield>
  <datafield tag="505" ind1="0" ind2=" ">
    <subfield code="g">Matem&#xE1;tica --</subfield>
    <subfield code="t">N&#xFA;meros enteros --</subfield>
    <subfield code="t">N&#xFA;meros racionales --</subfield>
    <subfield code="t">Ecuaciones --</subfield>
    <subfield code="t">Estad&#xED;stica</subfield>
    <subfield code="t">Probabilidades --</subfield>
    <subfield code="t">Geometr&#xED;a --</subfield>
    <subfield code="t">Mediciones --</subfield>
  </datafield>
  <datafield tag="505" ind1="0" ind2=" ">
    <subfield code="g">Ciencias naturales</subfield>
    <subfield code="g">Unidad 1 </subfield>
    <subfield code="t">Elementos que se encuentran en la naturaleza --</subfield>
    <subfield code="g">Unidad 2</subfield>
    <subfield code="t">Composici&#xF3;n qu&#xED;mica de los seres vivos --</subfield>
    <subfield code="g">Unidad 3</subfield>
    <subfield code="t">Las maquinas f&#xED;sicas --</subfield>
    <subfield code="g">Unidad 4</subfield>
    <subfield code="t">Fundamentos de mec&#xE1;nica --</subfield>
    <subfield code="g">Unidad 5</subfield>
    <subfield code="t">La energ&#xED;a, formas y transformaciones --</subfield>
    <subfield code="g">Unidad 6</subfield>
    <subfield code="t">Aplicaciones de la fisica moderna --</subfield>
    <subfield code="g">Unidad 7</subfield>
    <subfield code="t">Nutrici&#xF3;n --</subfield>
    <subfield code="g">Unidad 8</subfield>
    <subfield code="t">Reproducci&#xF3;n humana --</subfield>
    <subfield code="g">Unidad 9</subfield>
    <subfield code="t">Funciones de relaci&#xF3;n /</subfield>
  </datafield>
  <datafield tag="590" ind1=" " ind2=" ">
    <subfield code="a">Inventariado, 2023/ YL</subfield>
  </datafield>
  <datafield tag="700" ind1="1" ind2="2">
    <subfield code="a">Rodr&#xED;guez Dulce.</subfield>
    <subfield code="9">29275</subfield>
    <subfield code="e">autora</subfield>
  </datafield>
  <datafield tag="700" ind1=" " ind2="2">
    <subfield code="a">Luna, Eduardo</subfield>
    <subfield code="9">25917</subfield>
    <subfield code="e">autor</subfield>
  </datafield>
  <datafield tag="700" ind1="1" ind2="2">
    <subfield code="a">Alberto, Miledys</subfield>
    <subfield code="e">autora</subfield>
    <subfield code="9">84066</subfield>
  </datafield>
  <datafield tag="700" ind1="1" ind2="2">
    <subfield code="a">Molina, Andr&#xE9;s</subfield>
    <subfield code="e">autor</subfield>
    <subfield code="9">340</subfield>
  </datafield>
  <datafield tag="700" ind1="1" ind2="2">
    <subfield code="a">Lirio, Berlina</subfield>
    <subfield code="e">autora</subfield>
    <subfield code="9">84067</subfield>
  </datafield>
  <datafield tag="700" ind1="1" ind2="2">
    <subfield code="a">Valdez, Manuel</subfield>
    <subfield code="e">autor</subfield>
    <subfield code="9">46323</subfield>
  </datafield>
  <datafield tag="700" ind1="1" ind2="2">
    <subfield code="a">Gonz&#xE1;lez, Maria del Mar</subfield>
    <subfield code="e">autora </subfield>
    <subfield code="9">84068</subfield>
  </datafield>
  <datafield tag="710" ind1=" " ind2=" ">
    <subfield code="a">Pontificia Universidad Cat&#xF3;lica Madre y Maestra (PUCMM)</subfield>
    <subfield code="9">83945</subfield>
  </datafield>
  <datafield tag="710" ind1=" " ind2=" ">
    <subfield code="a">Acci&#xF3;n Empresarial por la Educaci&#xF3;n (EDUCA)</subfield>
    <subfield code="9">84069</subfield>
  </datafield>
  <datafield tag="910" ind1=" " ind2=" ">
    <subfield code="a">YLockward</subfield>
  </datafield>
  <datafield tag="942" ind1=" " ind2=" ">
    <subfield code="2">ddc</subfield>
    <subfield code="c">LBS1</subfield>
  </datafield>
  <datafield tag="952" ind1=" " ind2=" ">
    <subfield code="0">0</subfield>
    <subfield code="1">0</subfield>
    <subfield code="2">ddc</subfield>
    <subfield code="5">1</subfield>
    <subfield code="7">0</subfield>
    <subfield code="8">PD</subfield>
    <subfield code="a">BNPHU</subfield>
    <subfield code="b">BNPHU</subfield>
    <subfield code="c">CT</subfield>
    <subfield code="d">2014-12-01</subfield>
    <subfield code="e">Barbara Suncar</subfield>
    <subfield code="i">LF1</subfield>
    <subfield code="l">0</subfield>
    <subfield code="o">xxxx xxxx</subfield>
    <subfield code="p">12568-10</subfield>
    <subfield code="r">2020-06-25</subfield>
    <subfield code="w">2020-06-25</subfield>
    <subfield code="y">LBS1</subfield>
    <subfield code="z">Perteneci&#xF3; a la biblioteca personal de B&#xE1;rbara Suncar</subfield>
    <subfield code="Z">No se presta</subfield>
  </datafield>
  <datafield tag="999" ind1=" " ind2=" ">
    <subfield code="c">12223</subfield>
    <subfield code="d">12223</subfield>
  </datafield>
</record>
